| 000 | 00587nam a2200205Ia 4500 | ||
|---|---|---|---|
| 003 | LK-CoDNM | ||
| 005 | 20240228100347.0 | ||
| 008 | 010623t1904 xxu||||| |||| 00| 1 sin d | ||
| 040 |
_aLK-CoDNM _dLK-CoDNM _eLK-CoDNM |
||
| 041 | _asin | ||
| 080 | _a104 V17 | ||
| 100 | _aAppuhami,D.A.Periyapperuma | ||
| 245 | _aශක වර්ෂ 1859 ශිරොමණි පඤ්චාංග ලිත | ||
| 246 | _aEmphemeris Shaka Era 1859 | ||
| 260 |
_bK.D.Perera Son _aColombo _c19037 _c1938 |
||
| 300 |
_bDamaged _a60p., 22 cm |
||
| 650 | _aAlmanac | ||
| 650 | _aAstrology | ||
| 942 | _cBK | ||
| 999 |
_c85945 _d85945 |
||